000
00195 a2200097 4500
001
1203
100
_a
Crouse,W.H
245
_a
Autootive engines
260
_a
_b
Mcgrawhill
_c
090
_c
765
_d
765
942
_a
NUST-CAE
_c
M
_c
34322
999
_c
236276
_d
236276